00744nam a2200229Ia 4500003000900000008004100009040001600050080001300066100002400079245006500103260003500168300001500203490002500218650004100243650002700284650002500311650001800336700002400354942000700378999001500385952011400400IN-BaIIA211028s9999 xx 000 0 eng d cIIA Library a533bSAG aSagdeev, R. Z96009 0aNonlinear plasma theorycR. Z. Sagdeev and Galeev A. A  aNew YorkbW. A. Benjaminc1969 axii, 122p. aFrontiers in physics aAstronomy and astrophysics thesaurus aNonlinear theory96010 aPlasma physics93732 aPlasmas91898 aGaleev, A. A.96011 cBK c3391d3391 00104070aBANbBANcGENd1970-02-16g36.84l0o533/ SAGp3770r2021-11-05v36.84w1970-02-16yBKGRs. 36.84